| 000 | 00374nam a2200157Ia 4500 | ||
|---|---|---|---|
| 003 | IT-RoPAU | ||
| 008 | 120407s9999 xx 000 0 und d | ||
| 040 | _aIT-RoPAU | ||
| 040 | _cIT-RoPAU | ||
| 245 | _aDictionnaire d'Histoire et de Geographie Ecclesiastiques | ||
| 245 | _cAA.VV. | ||
| 260 | _aLibrairie Letouzey et Ané | ||
| 300 | _c cm | ||
| 490 | _v25 | ||
| 942 | _cBK | ||
| 999 |
_c7679 _d7679 |
||